000 00466nam a2200205Ia 4500
005 20240823035042.0
008 240823s9999||||xx |||||||||||||| ||und||
020 _a978-81-291-2059-5
041 _aENGLISH
082 _A658.5 Q2
100 _aBalasubramanian P C
245 0 _aGrand Brand Rajini
250 _a1st
260 _c2012
_bRupa
500 _aYES
650 _aStory
_bEnglish
700 _a Ram N Ramakrishnan
942 _cBK
999 _c199763
_d199763